| Tag |
First Indicator |
Second Indicator |
Subfields |
| LEADER |
00000cam a2200000Ia 4500 |
| 001 |
in00002423721 |
| 005 |
20151110070045.0 |
| 008 |
090202s2008 is ad b 000 0 hebrd |
| 020 |
|
|
|a 9789659132201
|
| 020 |
|
|
|a 9659132204
|
| 035 |
|
|
|a (OCoLC)ocn301318273
|
| 035 |
|
|
|a (OCoLC)301318273
|
| 040 |
|
|
|a Y5J
|c Y5J
|d IXA
|d TXA
|d UtOrBLW
|
| 043 |
|
|
|a a-is---
|
| 049 |
|
|
|a TXAM
|
| 090 |
|
|
|a DS143
|b .C64 2008
|
| 100 |
1 |
|
|6 880-01
|a Cohen, Erik.
|
| 245 |
1 |
0 |
|6 880-02
|a Zehut yehudit ʻarakhim u-fenay :
|b ʻolamam shel talmidim ṿe-talmidot yiśraʹelim be-vate sefer tikhoniyim mamlakhtiyim /
|c Erik H. Kohen ṿe-ʻamitim.
|
| 246 |
1 |
|
|i Title on t.p. verso:
|a Jewish identities, values and leisure :
|b some explorations amongst Israeli general state schools15-16 years old students
|
| 264 |
|
1 |
|6 880-03
|a Tel Aviv :
|b Bet ha-sefer le-ḥinukh ʻa. sh. Ḥayim ṿe-G'óan Ḳonsṭanṭiner, Universiṭat Tel-Aviv :
|b Merkaz Ḳelman le-ḥinukh Yehudi,
|c 2008.
|
| 300 |
|
|
|a 226 pages :
|b illustrations ;
|c 23 cm.
|
| 336 |
|
|
|a text
|b txt
|2 rdacontent
|
| 337 |
|
|
|a unmediated
|b n
|2 rdamedia
|
| 338 |
|
|
|a volume
|b nc
|2 rdacarrier
|
| 490 |
1 |
|
|a Studies in Jewish culture, identity, and community
|
| 504 |
|
|
|a Includes bibliographical references.
|
| 650 |
|
0 |
|a Jews
|x Education
|z Israel.
|
| 650 |
|
0 |
|a Jewish youth
|z Israel
|x Conduct of life.
|
| 650 |
|
0 |
|a Jews
|x Identity
|x Study and teaching
|z Israel.
|
| 650 |
|
0 |
|a Religion in the public schools
|z Israel.
|
| 710 |
2 |
|
|6 880-04
|a Merkaz Ḳelman le-ḥinukh Yehudi.
|
| 710 |
2 |
|
|6 880-05
|a Universiṭat Tel-Aviv.
|b Bet ha-sefer le-ḥinukh.
|
| 830 |
|
0 |
|a Studies in Jewish culture, identity, and community.
|
| 880 |
1 |
|
|6 100-01/r
|a כהן, אריק ה.
|
| 880 |
1 |
0 |
|6 245-02/r
|a זהות יהודית, ערכים ופנאי :
|b עולמם של תלמידים ותלמידות ישראלים בבתי ספר תיכוניים ממלכתיים /
|c אריק ה. כהן ועמיתים.
|
| 880 |
|
|
|6 264-03/r
|a תל־אביב :
|b בית הספר לחינוך ע"ש חיים וג'ואן קונסטנטינר, אוניברסיטת תל־אביב :
|b מרכז קלמן לחינוך יהודי,
|c 2008.
|
| 880 |
2 |
|
|6 710-04/r
|a מרכז קלמן לחינוך יהודי.
|
| 880 |
2 |
|
|6 710-05/r
|a אוניברסיטת תל-אביב.
|b בית הספר לחינוך.
|
| 994 |
|
|
|a C0
|b TXA
|
| 948 |
|
|
|a cataloged
|b h
|c 2009/2/17
|d c
|e jlanham
|f 11:42:28 am
|
| 999 |
|
|
|a MARS
|
| 999 |
f |
f |
|s 660dad76-c908-344f-b77f-7466002a8155
|i cea632e0-58fe-36b6-ac7b-69a57db678d7
|t 0
|
| 952 |
f |
f |
|p ric
|a Texas A&M University
|b Rellis Campus
|c Joint Library Facility
|d Remote Storage
|t 0
|e DS143 .C64 2008
|h Library of Congress classification
|i unmediated -- volume
|m A14837586351
|
| 998 |
f |
f |
|a DS143 .C64 2008
|t 0
|l Remote Storage
|